Turbulence (Record no. 5373)

000 -LEADER
fixed length control field 00511nam a2200205 i 4500
001 - CONTROL NUMBER
control field 5373
003 - CONTROL NUMBER IDENTIFIER
control field BD-DhUET
008 - FIXED-LENGTH DATA ELEMENTS--GENERAL INFORMATION
fixed length control field 750220s1975 nyua b 001 0 eng
020 ## - INTERNATIONAL STANDARD BOOK NUMBER
International Standard Book Number 0070290377
040 ## - CATALOGING SOURCE
Original cataloging agency DLC
Transcribing agency DLC
Modifying agency BD-DhUET
082 00 - DEWEY DECIMAL CLASSIFICATION NUMBER
Classification number 532.56
Item number HIN/1975
100 1# - MAIN ENTRY--PERSONAL NAME
Personal name Hinze, J. O.
245 00 - TITLE STATEMENT
Title Turbulence
250 ## - EDITION STATEMENT
Edition statement 2nd ed.
260 ## - PUBLICATION, DISTRIBUTION, ETC. (IMPRINT)
Place of publication, distribution, etc. New York
Name of publisher, distributor, etc. McGraw-Hill
Date of publication, distribution, etc. 1975
300 ## - PHYSICAL DESCRIPTION
Extent x,790p.
Other physical details ill.
Dimensions 24 cm.
490 0# - SERIES STATEMENT
Series statement McGraw-Hill series in mechanical engineering
650 #0 - SUBJECT ADDED ENTRY--TOPICAL TERM
Topical term or geographic name as entry element Turbulence
942 ## - ADDED ENTRY ELEMENTS (KOHA)
Koha item type General Book
Holdings
Piece designation (barcode) Price effective from Sublocation or collection (holding branch) Lost status Damaged status Koha item type Koha full call number Koha issues (times borrowed) Source of classification or shelving scheme Copy number Location (home branch) Not for loan Shelving location Date acquired Koha date last seen Koha normalized classification for sorting Koha date last borrowed Withdrawn status
638132014-11-26Central Library, BUET  General Book532.56/HIN/1975  1Central Library, BUET Circulation section2014-11-262014-11-26532_560000000000000_HIN_1975  
638162014-11-26Central Library, BUET  General Book532.56/HIN/1975  2Central Library, BUET Circulation section2014-11-262014-11-26532_560000000000000_HIN_1975  
443342014-12-07Central Library, BUET  General Book532.56/HIN/1975  3Central Library, BUET Circulation section2014-12-072014-12-07532_560000000000000_HIN_1975  
638072014-12-07Central Library, BUET  General Book532.56/HIN/1975  4Central Library, BUET Circulation section2014-12-072014-12-07532_560000000000000_HIN_1975  
638122014-12-07Central Library, BUET  General Book532.56/HIN/19751 5Central Library, BUET Circulation section2014-12-072015-03-29532_560000000000000_HIN_19752015-03-25 
638052014-12-07Central Library, BUET  General Book532.56/HIN/1975  6Central Library, BUET Circulation section2014-12-072014-12-07532_560000000000000_HIN_1975  
638102014-12-07Central Library, BUET  General Book532.56/HIN/1975  7Central Library, BUET Circulation section2014-12-072014-12-07532_560000000000000_HIN_1975  
638082014-12-07Central Library, BUET  General Book532.56/HIN/1975  8Central Library, BUET Circulation section2014-12-072014-12-07532_560000000000000_HIN_1975  
638092014-12-07Central Library, BUET  General Book532.56/HIN/1975  9Central Library, BUET Circulation section2014-12-072014-12-07532_560000000000000_HIN_1975  
638062014-12-07Central Library, BUET  General Book532.56/HIN/19751 10Central Library, BUET Circulation section2014-12-072023-02-28532_560000000000000_HIN_19752022-11-14 
638152014-12-07Central Library, BUET  General Book532.56/HIN/19751 11Central Library, BUET Circulation section2014-12-072015-09-14532_560000000000000_HIN_19752015-05-26 
391582015-03-09Central Library, BUET  General Book532.56/HIN/1975  12Central Library, BUET Circulation section2015-03-092015-03-09532_560000000000000_HIN_1975  
589682015-06-07Central Library, BUET  Reading Item532.56/HIN/1975  13Central Library, BUET Reading section2015-06-072015-06-07532_560000000000000_HIN_1975  
606532015-06-07Central Library, BUET  Reading Item532.56/HIN/1975  14Central Library, BUET Reading section2015-06-072015-06-07532_560000000000000_HIN_1975  
527292015-06-23Central Library, BUET  Reading Item532.56/HIN/1975  15Central Library, BUET Reading section2015-06-232015-06-23532_560000000000000_HIN_1975  
638112024-11-16Central Library, BUET  General Book532.56 HIN/19751 16Central Library, BUET Circulation section1985-06-292024-11-27532_560000000000000_HIN_19752024-11-27 
 2024-11-16Central Library, BUET  General Book532.56 HIN/1975   Central Library, BUET  2024-11-162024-11-16532_560000000000000_HIN_1975  
391592024-11-16Central Library, BUET  General Book532.56 HIN/1975  18Central Library, BUET Circulation section2025-09-032024-11-16532_560000000000000_HIN_1975